Integrated Modeling of Urban Wastewater Systems Dissertation Thesis

Guardado en:
Detalles Bibliográficos
Autor principal: Černochová, Lenka
Formato: Libro
Lenguaje:inglés
Publicado: Bratislava STU FCHPT 2011
Acceso en línea:Ver en el OPAC
Etiquetas: Agregar Etiqueta
Sin Etiquetas, Sea el primero en etiquetar este registro!

MARC

LEADER 00000nam a2200000 a 4500
005 20260127134316.0
008 141027 2014 000 0 eng d
035 |a vtls010630827 
039 9 |a 201410271025  |b mschk03  |y 201410271023  |z mschk03 
040 |a STUSCHK1  |b slo  |c STUSCHK1  |e AACR2 
100 1 |a Černochová, Lenka 
245 1 |a Integrated Modeling of Urban Wastewater Systems  |b Dissertation Thesis  |c Lenka Černochová 
260 |a Bratislava  |b STU FCHPT  |c 2011 
300 |a 112 p.  |b il.  |c 30 cm 
500 |a Study programme: Chemical Engineering 
500 |a Study field: Chemical Engineering 
500 |a Reg. No.: FCHPT-19987-25479 
500 |a Department: Department of Environmental Engineering 
910 |a SCHK95 
999 |c 9426  |d 9426